Arab monetary integration: issues and prerequisites (Record no. 228769)

MARC details
000 -LEADER
fixed length control field 00403nam a2200157Ia 4500
008 - FIXED-LENGTH DATA ELEMENTS--GENERAL INFORMATION
fixed length control field 230917s9999||||xx |||||||||||||| ||und||
020 ## - ISBN
Price POU19.95
040 ## - CATALOGING SOURCE
-- 4254
Original cataloging agency VIVEKANANDA LIBRARY
041 ## - Language
-- English
082 ## - DDC NUMBER
Classification number 332.4566 H272A
100 ## - MAIN ENTRY--PERSONAL NAME
Personal name Haseeb, Khair El-Din, ed
245 #0 - TITLE STATEMENT
Title Arab monetary integration: issues and prerequisites
260 ## - PUBLICATION, DISTRIBUTION, ETC. (IMPRINT)
Place of publication, distribution, etc London
Name of publisher, distributor, etc Croom Helm
300 ## - PHYSICAL DESCRIPTION
Pages 475 p.
942 ## - ADDED ENTRY ELEMENTS (KOHA)
Koha item type Books
Holdings
Withdrawn status Lost status Damaged status Not for loan Location (home branch) Sublocation or collection (holding branch) Date acquired Koha issues (times borrowed) Koha full call number Accession No. Koha date last seen Koha item type
        VIVEKANANDA LIBRARY VIVEKANANDA LIBRARY 08/08/2002   332.4566 H272A 96750 17/09/2023 Books
© Designed and Maintained by Vivekananda Library, MDU Rohtak